000 01374nam0a22002531 4500
001 rc\491781
005 20030616171503.3
035 _a(NLR Aleph) 005733663
090 _a7605468
_c7605468
100 _a20030616d1988 u |0rusy50 ca
101 0 _arus
102 _aRU
105 _ay |||||||||
200 1 _aМетодические рекомендации по сокращению потерь семян подсолнечника
_fЮж. отд-ние ВАСХНИЛ, Укр. НИИ экономики и орг. сел. хоз-ва им. А.Г. Шлихтера и др.
_g[Принимали участие Гриднев Е.К. и др.]
210 _aКиев
_cБ. и.
_d1988
215 _a30 с.
_d20
300 _aВ надзаг. также: Юж. отд-ние Укр. НИИ механизации и электрификации сел. хоз-ва, Укр. НИИ растениеводства, селекции и генетики им. В.Я. Юрьева
702 1 _aГриднев
_bЕ. К.
_gЕвгений Константинович
_4570
712 0 2 _aУкраинский НИИ экономики и организации сельского хозяйства им. А.Г. Шлихтера
_cКиев
_3RU\NLR\AUTH\889920382
801 0 _aRU
_bNLR
_gpsbo
801 1 _aRU
_bELAR
_2rusmarc
852 _aNLR
_j88-4/23696
942 _cBOOK
980 _aNB